Satellite Dynamics and Space Missions

This book discusses the design of new space missions and their use for a better understanding of the dynamical behaviour of solar system bodies, which is an active field of astrodynamics. Space missions gather data and observations that enable new breakthroughs in our understanding of the origin, evo...

Πλήρης περιγραφή

Λεπτομέρειες βιβλιογραφικής εγγραφής
Συγγραφή απο Οργανισμό/Αρχή: SpringerLink (Online service)
Άλλοι συγγραφείς: Baù, Giulio (Επιμελητής έκδοσης, http://id.loc.gov/vocabulary/relators/edt), Celletti, Alessandra (Επιμελητής έκδοσης, http://id.loc.gov/vocabulary/relators/edt), Galeș, Cătălin Bogdan (Επιμελητής έκδοσης, http://id.loc.gov/vocabulary/relators/edt), Gronchi, Giovanni Federico (Επιμελητής έκδοσης, http://id.loc.gov/vocabulary/relators/edt)
Μορφή: Ηλεκτρονική πηγή Ηλ. βιβλίο
Γλώσσα:English
Έκδοση: Cham : Springer International Publishing : Imprint: Springer, 2019.
Έκδοση:1st ed. 2019.
Σειρά:Springer INdAM Series, 34
Θέματα:
Διαθέσιμο Online:Full Text via HEAL-Link
LEADER 04442nam a2200649 4500
001 978-3-030-20633-8
003 DE-He213
005 20191220131302.0
007 cr nn 008mamaa
008 190906s2019 gw | s |||| 0|eng d
020 |a 9783030206338  |9 978-3-030-20633-8 
024 7 |a 10.1007/978-3-030-20633-8  |2 doi 
040 |d GrThAP 
050 4 |a QA313 
072 7 |a PBWR  |2 bicssc 
072 7 |a MAT034000  |2 bisacsh 
072 7 |a PBWR  |2 thema 
082 0 4 |a 515.39  |2 23 
082 0 4 |a 515.48  |2 23 
245 1 0 |a Satellite Dynamics and Space Missions  |h [electronic resource] /  |c edited by Giulio Baù, Alessandra Celletti, Cătălin Bogdan Galeș, Giovanni Federico Gronchi. 
250 |a 1st ed. 2019. 
264 1 |a Cham :  |b Springer International Publishing :  |b Imprint: Springer,  |c 2019. 
300 |a XI, 328 p. 106 illus., 79 illus. in color.  |b online resource. 
336 |a text  |b txt  |2 rdacontent 
337 |a computer  |b c  |2 rdamedia 
338 |a online resource  |b cr  |2 rdacarrier 
347 |a text file  |b PDF  |2 rda 
490 1 |a Springer INdAM Series,  |x 2281-518X ;  |v 34 
505 0 |a 1 S. Ferraz-Mello, Planetary Tides: Theories -- 2 A. Giorgilli, Perturbation Methods in Celestial Mechanics -- 3 A. Lemaitre, Space Debris: From Leo to Geo -- 4 J.-M. Mondelo, Computing Invariant Manifolds for Libration Point Mission -- 5 D.J. Scheeres, Celestial Mechanics of Rubble Pie Bodies -- 6 M. Vasile, Multi-Objective Optimal Control: a Direct Approach -- 7 M. Vasile, Practical Uncertainty Quantification in Orbital Mechanics. 
520 |a This book discusses the design of new space missions and their use for a better understanding of the dynamical behaviour of solar system bodies, which is an active field of astrodynamics. Space missions gather data and observations that enable new breakthroughs in our understanding of the origin, evolution and future of our solar system and Earth's place within it. Covering topics such as satellite and space mission dynamics, celestial mechanics, spacecraft navigation, space exploration applications, artificial satellites, space debris, minor bodies, and tidal evolution, the book presents a collection of contributions given by internationally respected scientists at the summer school "Satellite Dynamics and Space Missions: Theory and Applications of Celestial Mechanics", held in 2017 at San Martino al Cimino, Viterbo (Italy). This school aimed to teach the latest theories, tools and methods developed for satellite dynamics and space, and as such the book is a valuable resource for graduate students and researchers in the field of celestial mechanics and aerospace engineering. 
650 0 |a Dynamics. 
650 0 |a Ergodic theory. 
650 0 |a Mechanics. 
650 0 |a Statistical physics. 
650 0 |a Applied mathematics. 
650 0 |a Engineering mathematics. 
650 0 |a Physics. 
650 0 |a Mathematical physics. 
650 1 4 |a Dynamical Systems and Ergodic Theory.  |0 http://scigraph.springernature.com/things/product-market-codes/M1204X 
650 2 4 |a Classical Mechanics.  |0 http://scigraph.springernature.com/things/product-market-codes/P21018 
650 2 4 |a Applications of Nonlinear Dynamics and Chaos Theory.  |0 http://scigraph.springernature.com/things/product-market-codes/P33020 
650 2 4 |a Applications of Mathematics.  |0 http://scigraph.springernature.com/things/product-market-codes/M13003 
650 2 4 |a Mathematical Methods in Physics.  |0 http://scigraph.springernature.com/things/product-market-codes/P19013 
650 2 4 |a Mathematical Physics.  |0 http://scigraph.springernature.com/things/product-market-codes/M35000 
700 1 |a Baù, Giulio.  |e editor.  |4 edt  |4 http://id.loc.gov/vocabulary/relators/edt 
700 1 |a Celletti, Alessandra.  |e editor.  |4 edt  |4 http://id.loc.gov/vocabulary/relators/edt 
700 1 |a Galeș, Cătălin Bogdan.  |e editor.  |4 edt  |4 http://id.loc.gov/vocabulary/relators/edt 
700 1 |a Gronchi, Giovanni Federico.  |e editor.  |4 edt  |4 http://id.loc.gov/vocabulary/relators/edt 
710 2 |a SpringerLink (Online service) 
773 0 |t Springer eBooks 
776 0 8 |i Printed edition:  |z 9783030206321 
776 0 8 |i Printed edition:  |z 9783030206345 
776 0 8 |i Printed edition:  |z 9783030206352 
830 0 |a Springer INdAM Series,  |x 2281-518X ;  |v 34 
856 4 0 |u https://doi.org/10.1007/978-3-030-20633-8  |z Full Text via HEAL-Link 
912 |a ZDB-2-SMA 
950 |a Mathematics and Statistics (Springer-11649)